India 2020:A Vision For The New Millennium (Record no. 127040)

MARC details
000 -LEADER
fixed length control field 00407nam a2200133Ia 4500
008 - FIXED-LENGTH DATA ELEMENTS--GENERAL INFORMATION
fixed length control field 211122s9999||||xx |||||||||||||| ||und||
082 ## - DEWEY DECIMAL CLASSIFICATION NUMBER
Classification number 303.490 9
Item number KAL-I
100 ## - MAIN ENTRY--PERSONAL NAME
Personal name Kalam, A P J Abdul/Y S Rajan
245 #0 - TITLE STATEMENT
Title India 2020:A Vision For The New Millennium
260 ## - PUBLICATION, DISTRIBUTION, ETC.
Name of publisher, distributor, etc. Penguin Books
Place of publication, distribution, etc. New Delhi
630 ## - SUBJECT ADDED ENTRY--UNIFORM TITLE
General subdivision Post Graduate Reference
650 ## - SUBJECT ADDED ENTRY--TOPICAL TERM
Topical term or geographic name entry element Economics
942 ## - ADDED ENTRY ELEMENTS (KOHA)
Koha item type BOOK
650 ## - SUBJECT ADDED ENTRY--TOPICAL TERM
Form subdivision SOCIAL SCIENCESOCIAL PROCESSES
Holdings
Withdrawn status Lost status Source of classification or shelving scheme Damaged status Not for loan Home library Current library Date acquired Cost, normal purchase price Full call number Barcode Shelving location Date last seen Price effective from Koha item type
    Dewey Decimal Classification     SB LIBRARY SB LIBRARY 22/11/2021 250.00 303.490 KAL-I 00140759 POST GRADUATE REFERENCE 22/11/2021 22/11/2021 BOOK

Powered by Koha